Central Library || Chittagong University

A text book on higher Algebra (Record no. 111944)

MARC details
000 -LEADER
fixed length control field 00536nam a2200229 454500
001 - CONTROL NUMBER
control field 070572
003 - CONTROL NUMBER IDENTIFIER
control field BD-ChCU
005 - DATE AND TIME OF LATEST TRANSACTION
control field 20260331095859.0
008 - FIXED-LENGTH DATA ELEMENTS--GENERAL INFORMATION
fixed length control field 260331 Eng
020 ## - INTERNATIONAL STANDARD BOOK NUMBER
International Standard Book Number 9789849000464
040 ## - CATALOGING SOURCE
Original cataloging agency DLC
Transcribing agency DLC
Modifying agency BD-ChCU
082 00 - DEWEY DECIMAL CLASSIFICATION NUMBER
Classification number 512/S524t
Edition number 22
100 1# - MAIN ENTRY--PERSONAL NAME
Personal name Shahidullah, A.M.M.
Numeration Bhattacharjee, P.K.
245 10 - TITLE STATEMENT
Title A text book on higher Algebra
Remainder of title x
250 ## - EDITION STATEMENT
Edition statement 4ed
260 ## - PUBLICATION, DISTRIBUTION, ETC.
Place of publication, distribution, etc. Dhaka:
Name of publisher, distributor, etc. new Book palace,
Date of publication, distribution, etc. 2016
300 ## - PHYSICAL DESCRIPTION
Extent 616p.
504 ## - BIBLIOGRAPHY, ETC. NOTE
Bibliography, etc. note x
650 #0 - SUBJECT ADDED ENTRY--TOPICAL TERM
Topical term or geographic name entry element Algebra
Topical term following geographic name entry element Algebra
700 1# - ADDED ENTRY--PERSONAL NAME
Personal name x
942 ## - ADDED ENTRY ELEMENTS (KOHA)
Source of classification or shelving scheme Dewey Decimal Classification
Koha item type Books
Holdings
Withdrawn status Lost status Source of classification or shelving scheme Damaged status Not for loan Home library Current library Shelving location Date acquired Source of acquisition Total Checkouts Full call number Barcode Date last seen Copy number Price effective from Koha item type
    Dewey Decimal Classification     Chittagong University Library Chittagong University Library Science Reading Room 03/31/2026 purchase   512/S524t 343381 03/31/2026 C-1 03/31/2026 Books
    Dewey Decimal Classification     Chittagong University Library Chittagong University Library Science Reading Room 03/31/2026 purchase   512/S524t 343382 03/31/2026 C-2 03/31/2026 Books
© Copyright 2025. Chittagong University Library, Installation and Maintenance by Prof. Dr. Md. Alamgir, 01711306253